Gaming Quiz

Random Gaming Quiz

Unlockable Characters in the SSB Series Quiz Stats

 Plays Quiz not verified by Sporcle

Challenge
Share
Tweet
Embed
Score 0/19 Timer 10:00
0 Plays Today
Fighter % Correct
Luigi
98.1%
Jigglypuff
93.4%
Ness
91.5%
Falco
88.7%
Marth
87.7%
Captain Falcon
86.8%
Dr. Mario
85.8%
Roy
84.9%
Sonic
84%
Ganondorf
83%
Fighter % Correct
Pichu
82.1%
Mr. Game and Watch
82.1%
Mewtwo
81.1%
Snake
81.1%
Wolf
81.1%
Toon Link
79.2%
Young Link
76.4%
Lucario
71.7%
R.O.B.
65.1%

You're not logged in!

Compare scores with friends on all Sporcle quizzes.
OR
Log In

You Might Also Like...

Show Comments

Extras

Top Quizzes Today


Score Distribution

Your Account Isn't Verified!

In order to create a playlist on Sporcle, you need to verify the email address you used during registration. Go to your Sporcle Settings to finish the process.

Report this User

Report this user for behavior that violates our Community Guidelines.

Details: